[Event "37. Torneo Internacional de La Roda"]
[Site "La Roda ESP"]
[Date "2010.04.02"]
[Round "4.15"]
[White "Alcaraz Ortega, Javier"]
[Black "Guerra Bastida, Diego"]
[Result "1/2-1/2"]
[WhiteElo "2235"]
[BlackElo "2432"]
[PlyCount "113"]
[EventDate "2010.03.31"]
[EventType "swiss"]
[EventRounds "9"]
[EventCountry "ESP"]
[Source "lmi"]
[SourceDate "2010.03.31"]

1. Nf3 e6 2. c4 f5 3. g3 Nf6 4. Bg2 d5 5. O-O c6 6. Qc2 Bd6 7. d3 e5 8. e4 fxe4
9. dxe4 d4 10. c5 Bc7 11. Ne1 O-O 12. Nd3 b6 13. Nd2 Qe7 14. b3 Bg4 15. Ba3 b5
16. Rae1 a5 17. Bb2 Be6 18. a3 Nbd7 19. h3 Kh8 20. b4 a4 21. Bc1 Qf7 22. f4
exf4 23. e5 Nd5 24. Ne4 Qg6 25. Bxf4 Rae8 26. Kh2 Bf5 27. Qd2 Ne3 28. Bxe3 dxe3
29. Rxe3 Nxe5 30. Nxe5 Rxe5 31. Nd6 Rxe3 32. Qxe3 Bxd6 33. cxd6 Qxd6 34. Qc5
Qxc5 35. bxc5 Rf6 36. Bxc6 Rxc6 37. Rxf5 g6 38. Rd5 Kg7 39. Kg2 Kf7 40. Kf3
Rf6+ 41. Ke4 Ke7 42. Rd3 Rf5 43. Rc3 Kd7 44. g4 Rf1 45. c6+ Kc7 46. Kd5 Rf6 47.
Rc5 Rd6+ 48. Ke4 b4 49. Rc4 b3 50. Rxa4 Rxc6 51. Kd3 Rf6 52. Rc4+ Kd7 53. Rd4+
Ke7 54. Re4+ Kf7 55. Kc3 Rf3+ 56. Kb2 g5 57. a4 1/2-1/2

[Event "37. Torneo Internacional de La Roda"]
[Site "La Roda ESP"]
[Date "2010.04.02"]
[Round "4.16"]
[White "Ferrer Sanchez, Pedro Jesus"]
[Black "Rizouk, Aimen"]
[Result "0-1"]
[WhiteElo "2195"]
[BlackElo "2540"]
[PlyCount "64"]
[EventDate "2010.03.31"]
[EventType "swiss"]
[EventRounds "9"]
[EventCountry "ESP"]
[Source "lmi"]
[SourceDate "2010.03.31"]

1. g3 d5 2. Bg2 Nf6 3. d3 c6 4. Nd2 Bg4 5. Ngf3 Nbd7 6. O-O e5 7. e4 dxe4 8.
dxe4 Bc5 9. Qe2 O-O 10. Nb3 Be7 11. Bd2 Qc7 12. a4 Rfd8 13. h3 Bh5 14. Bc3 Ne8
15. Qe3 a5 16. Nfd2 Nd6 17. Kh1 f6 18. f4 Bf7 19. Rf2 c5 20. Raf1 c4 21. Nc1
Be6 22. f5 Bf7 23. g4 b5 24. axb5 Nxb5 25. Qg3 a4 26. Nb1 Qb7 27. Bd2 Nc5 28.
Re1 Rd4 29. Rfe2 Rad8 30. g5 Bh5 31. gxf6 Bxf6 32. Bf3 Bh4 0-1

[Event "37. Torneo Internacional de La Roda"]
[Site "La Roda ESP"]
[Date "2010.04.02"]
[Round "4.17"]
[White "Ortiz Suarez, Isan Reynaldo"]
[Black "Nieto De La Cruz, Julio"]
[Result "1-0"]
[WhiteElo "2527"]
[BlackElo "2155"]
[PlyCount "49"]
[EventDate "2010.03.31"]
[EventType "swiss"]
[EventRounds "9"]
[EventCountry "ESP"]
[Source "lmi"]
[SourceDate "2010.03.31"]

1. e4 c5 2. Nf3 d6 3. d4 Nf6 4. Nc3 cxd4 5. Nxd4 g6 6. Be3 Bg7 7. f3 Nc6 8. Qd2
O-O 9. Bc4 Nd7 10. O-O-O Nb6 11. Be2 d5 12. Nxc6 bxc6 13. Bh6 e6 14. h4 Bxh6
15. Qxh6 Qf6 16. h5 Qg7 17. Qe3 Rd8 18. e5 Bb7 19. Qg5 a5 20. Ne4 Nd7 21. Nf6+
Nxf6 22. exf6 h6 23. Qe5 Qf8 24. hxg6 fxg6 25. Bd3 1-0

[Event "37. Torneo Internacional de La Roda"]
[Site "La Roda ESP"]
[Date "2010.04.02"]
[Round "4.18"]
[White "Pap, Misa"]
[Black "Sanchez-Alarcos Galian, Victor"]
[Result "1-0"]
[WhiteElo "2521"]
[BlackElo "2149"]
[PlyCount "121"]
[EventDate "2010.03.31"]
[EventType "swiss"]
[EventRounds "9"]
[EventCountry "ESP"]
[Source "lmi"]
[SourceDate "2010.03.31"]

1. e4 c6 2. d4 d5 3. Nd2 dxe4 4. Nxe4 Bf5 5. Nc5 Qc7 6. Nf3 e6 7. Nb3 Nd7 8.
Be2 Ngf6 9. O-O Bd6 10. c4 O-O 11. h3 h6 12. Be3 Bh7 13. Qc1 c5 14. Rd1 cxd4
15. Nbxd4 a6 16. Qd2 Be7 17. b4 Rfd8 18. Qe1 Rac8 19. Rac1 e5 20. Nb3 e4 21.
Nfd4 Ne5 22. a3 Nd3 23. Bxd3 exd3 24. Qd2 Ne4 25. Qa2 Bf6 26. c5 Bg5 27. Bxg5
hxg5 28. Rxd3 Nxf2 29. Rf3 Ne4 30. Rcf1 Bg6 31. Re3 Re8 32. Rfe1 Qf4 33. Qb2 g4
34. hxg4 Qxg4 35. Na5 Qd7 36. Nf3 Qc7 37. Nc4 Nf6 38. Nd6 Rxe3 39. Rxe3 Rf8 40.
Ne5 Bh7 41. Qd4 Nd7 42. Rg3 Nxe5 43. Qxe5 Bg6 44. Qd5 Qc6 45. Qc4 Bh7 46. Rh3
Qa4 47. Qh4 Qd1+ 48. Kh2 Qb1 49. Nxb7 Qe4 50. Nd6 Qe5+ 51. Qg3 Qe6 52. Qg5 Bg6
53. Re3 Qd7 54. Qh4 Qd8 55. Qxd8 Rxd8 56. a4 Bc2 57. Ra3 Kf8 58. b5 axb5 59.
axb5 Ke7 60. Ra7+ Ke6 61. b6 1-0

[Event "37. Torneo Internacional de La Roda"]
[Site "La Roda ESP"]
[Date "2010.04.02"]
[Round "4.19"]
[White "Suarez Uriel, Adrian"]
[Black "Vidarte Morales, Arturo"]
[Result "1-0"]
[WhiteElo "2152"]
[BlackElo "2438"]
[PlyCount "69"]
[EventDate "2010.03.31"]
[EventType "swiss"]
[EventRounds "9"]
[EventCountry "ESP"]
[Source "lmi"]
[SourceDate "2010.03.31"]

1. e4 c5 2. Nf3 d6 3. d4 cxd4 4. Nxd4 Nf6 5. Nc3 Nc6 6. Bc4 e6 7. Be3 a6 8. Bb3
Bd7 9. Qe2 Rc8 10. O-O-O Na5 11. Kb1 Rxc3 12. bxc3 Nxe4 13. Bd2 Nxd2+ 14. Rxd2
Be7 15. Re1 O-O 16. f4 Bf6 17. Qd3 Qc7 18. g4 g6 19. f5 Nxb3 20. cxb3 gxf5 21.
gxf5 e5 22. Ne2 d5 23. c4 Qa5 24. Qg3+ Kh8 25. Rxd5 Bxf5+ 26. Kb2 Qb6 27. Qg1
Qe6 28. Nc3 Bg6 29. Qc5 Re8 30. Qd6 Qf5 31. Ne4 Bh4 32. Re2 Qf3 33. Nc3 e4 34.
Re5 Rxe5 35. Qf8# 1-0

[Event "37. Torneo Internacional de La Roda"]
[Site "La Roda ESP"]
[Date "2010.04.02"]
[Round "4.20"]
[White "Vazquez Torres, Adrian"]
[Black "Cori Tello, Deysi"]
[Result "1/2-1/2"]
[WhiteElo "2149"]
[BlackElo "2434"]
[PlyCount "118"]
[EventDate "2010.03.31"]
[EventType "swiss"]
[EventRounds "9"]
[EventCountry "ESP"]
[Source "lmi"]
[SourceDate "2010.03.31"]

1. e4 e6 2. d4 d5 3. Nc3 Nf6 4. e5 Nfd7 5. f4 c5 6. Nf3 Nc6 7. Be3 a6 8. Qd2 b5
9. dxc5 Bxc5 10. Ne2 Qe7 11. Ned4 Nxd4 12. Nxd4 O-O 13. Bd3 f6 14. Nc6 Qf7 15.
O-O Bb7 16. Nd4 Qe7 17. Nb3 Bb6 18. Qf2 d4 19. Bxd4 fxe5 20. Bxb6 Rxf4 21. Qe2
Nxb6 22. Qxe5 Rg4 23. Bxh7+ Kh8 24. Rf2 Nd7 25. Qe2 Rh4 26. Bd3 Qd6 27. g3 Qd5
28. Qf3 Qxf3 29. Rxf3 Rxh2 30. Kxh2 Bxf3 31. Re1 Bd5 32. Be4 Rf8 33. Bxd5 exd5
34. Kg2 Nf6 35. Nc5 Rc8 36. b4 Ne4 37. Nxe4 dxe4 38. Re2 Kh7 39. a3 Rc3 40.
Rxe4 Rxa3 41. c4 bxc4 42. Rxc4 Kg6 43. Rf4 Rd3 44. Kh3 Rd5 45. Kg4 Rg5+ 46. Kf3
Rf5 47. Kg4 Rb5 48. Re4 Rb6 49. Rf4 Rd6 50. Kh4 Kh6 51. Kg4 g5 52. Rc4 Kg6 53.
Re4 Rc6 54. Rd4 Kf6 55. Re4 Rc3 56. Rd4 Rc6 57. Re4 Rb6 58. Rc4 Re6 59. Rd4 Rc6
1/2-1/2

[Event "37. Torneo Internacional de La Roda"]
[Site "La Roda ESP"]
[Date "2010.04.02"]
[Round "4.21"]
[White "Rojas Keim, Luis"]
[Black "Gomez, Gustavo Pizzocaro"]
[Result "1-0"]
[WhiteElo "2421"]
[BlackElo "2137"]
[PlyCount "55"]
[EventDate "2010.03.31"]
[EventType "swiss"]
[EventRounds "9"]
[EventCountry "ESP"]
[Source "lmi"]
[SourceDate "2010.03.31"]

1. d4 d5 2. c4 e6 3. Nf3 Nf6 4. e3 Be7 5. b3 O-O 6. Nbd2 c5 7. Bd3 b6 8. O-O
Bb7 9. Bb2 Nc6 10. Rc1 cxd4 11. exd4 Re8 12. Qe2 Nd7 13. cxd5 exd5 14. Ne5
Ncxe5 15. dxe5 Bc5 16. Kh1 Nf8 17. f4 Qh4 18. Rf3 g6 19. f5 d4 20. Rg3 Rad8 21.
Rg4 Qh6 22. e6 fxe6 23. fxg6 Nxg6 24. Ne4 Bxe4 25. Qxe4 e5 26. Re1 Bd6 27. Bc1
Qg7 28. h4 1-0

[Event "37. Torneo Internacional de La Roda"]
[Site "La Roda ESP"]
[Date "2010.04.02"]
[Round "4.22"]
[White "Antoli Royo, Joaquin Miguel"]
[Black "Arance Gonzalez, Luis"]
[Result "1-0"]
[WhiteElo "2399"]
[BlackElo "2129"]
[PlyCount "57"]
[EventDate "2010.03.31"]
[EventType "swiss"]
[EventRounds "9"]
[EventCountry "ESP"]
[Source "lmi"]
[SourceDate "2010.03.31"]

1. e4 d5 2. exd5 Qxd5 3. Nc3 Qa5 4. d4 Nf6 5. Nf3 Bg4 6. Bd2 c6 7. h3 Bf5 8. g4
Bg6 9. Ne5 e6 10. h4 Bd6 11. h5 Bxe5 12. Nb5 Qb6 13. dxe5 Ne4 14. Be3 Qa5+ 15.
c3 cxb5 16. hxg6 b4 17. Qd4 bxc3 18. b4 Qd5 19. Qxd5 exd5 20. O-O-O O-O 21.
gxf7+ Rxf7 22. Rxd5 Nc6 23. Bc4 Kh8 24. e6 Re7 25. Rdh5 h6 26. g5 Rf8 27. gxh6
g6 28. R5h4 Nd2 29. Bc5 1-0

[Event "37. Torneo Internacional de La Roda"]
[Site "La Roda ESP"]
[Date "2010.04.02"]
[Round "4.23"]
[White "Ramiro Ovejero, Juan Luis"]
[Black "Gil Quilez, David"]
[Result "1-0"]
[WhiteElo "2375"]
[BlackElo "2126"]
[PlyCount "89"]
[EventDate "2010.03.31"]
[EventType "swiss"]
[EventRounds "9"]
[EventCountry "ESP"]
[Source "lmi"]
[SourceDate "2010.03.31"]

1. d4 d5 2. c4 e6 3. Nc3 Nf6 4. Bg5 c6 5. cxd5 exd5 6. e3 Be7 7. Bd3 O-O 8. Qc2
h6 9. Bh4 Nbd7 10. Nge2 Re8 11. O-O b6 12. Rad1 Bb7 13. f3 c5 14. Bf2 Rc8 15.
Bf5 a6 16. Qd2 cxd4 17. exd4 b5 18. Nf4 Bd6 19. Bg3 Rc7 20. Rfe1 Rxe1+ 21. Rxe1
Nb6 22. Nd3 Nc4 23. Qf2 Bxg3 24. hxg3 Nd6 25. Bh3 Re7 26. Nc5 Kf8 27. Re5 Nc4
28. Re2 b4 29. N3a4 Bc6 30. b3 Bxa4 31. Nxa4 Nd6 32. Re5 Nb5 33. Bf5 Qc7 34.
Qe3 Rxe5 35. Qxe5 Qxe5 36. dxe5 Ne8 37. Kf2 Ke7 38. Bd3 Nec7 39. Ke3 d4+ 40.
Ke4 Kd7 41. Bc4 Ke7 42. f4 f6 43. Nc5 fxe5 44. fxe5 a5 45. Nb7 1-0

[Event "37. Torneo Internacional de La Roda"]
[Site "La Roda ESP"]
[Date "2010.04.02"]
[Round "4.24"]
[White "Garcia Rodriguez, Victor"]
[Black "Fernandez Siles, Luis"]
[Result "1/2-1/2"]
[WhiteElo "2137"]
[BlackElo "2364"]
[PlyCount "122"]
[EventDate "2010.03.31"]
[EventType "swiss"]
[EventRounds "9"]
[EventCountry "ESP"]
[Source "lmi"]
[SourceDate "2010.03.31"]

1. e4 c5 2. Nf3 Nc6 3. d4 cxd4 4. Nxd4 g6 5. Nc3 Bg7 6. Be3 Nf6 7. Nxc6 bxc6 8.
e5 Ng8 9. Bd4 f6 10. exf6 Nxf6 11. h4 Qa5 12. Qd2 e5 13. Be3 d5 14. Ne2 Qxd2+
15. Bxd2 Rb8 16. b3 O-O 17. Rc1 Ne4 18. Be3 d4 19. f3 Nd6 20. Bg5 Re8 21. Ng3
e4 22. Nxe4 Nxe4 23. fxe4 Rxe4+ 24. Kf2 Be6 25. Bd3 Rf8+ 26. Kg1 Rg4 27. Re1
Bd5 28. Rh2 h6 29. Bc1 Kf7 30. Be2 Re4 31. Rf1+ Ke6 32. Bf3 d3 33. c4 Bd4+ 34.
Kh1 Re2 35. cxd5+ cxd5 36. Bxh6 d2 37. Bxd2 Rxd2 38. g3 Rxh2+ 39. Kxh2 Kd6 40.
Kh3 Be5 41. Kg4 Rb8 42. Rd1 Rb4+ 43. Kh3 Rb5 44. Be4 g5 45. hxg5 Ke6 46. Bh7 d4
47. Kg4 Kf7 48. Bd3 Rc5 49. g6+ Kg8 50. Rf1 Rc3 51. Rf3 a5 52. Kf5 Rc5 53. Kg4
Rc3 54. a4 Bf6 55. Kf5 Kg7 56. Ke6 Rxb3 57. g4 Rb6+ 58. Kd5 Rb7 59. Rh3 Re7 60.
Rh7+ Kf8 61. Rxe7 Bxe7 1/2-1/2

[Event "37. Torneo Internacional de La Roda"]
[Site "La Roda ESP"]
[Date "2010.04.02"]
[Round "5.2"]
[White "Bruzon Batista, Lazaro"]
[Black "Diamant, Andre"]
[Result "1/2-1/2"]
[WhiteElo "2641"]
[BlackElo "2486"]
[PlyCount "34"]
[EventDate "2010.03.31"]
[EventType "swiss"]
[EventRounds "9"]
[EventCountry "ESP"]
[Source "lmi"]
[SourceDate "2010.03.31"]

1. c4 c5 2. Nf3 Nc6 3. d4 cxd4 4. Nxd4 g6 5. Nc2 Bg7 6. e4 Nf6 7. Nc3 d6 8. Be2
O-O 9. O-O a5 10. Be3 a4 11. Na3 Be6 12. Rb1 Qa5 13. f4 Nd7 14. Nab5 f5 15. Nd5
Rac8 16. Bd2 Qd8 17. Bc3 Ncb8 1/2-1/2

[Event "37. Torneo Internacional de La Roda"]
[Site "La Roda ESP"]
[Date "2010.04.02"]
[Round "5.3"]
[White "Larino Nieto, David"]
[Black "Burmakin, Vladimir"]
[Result "1/2-1/2"]
[WhiteElo "2462"]
[BlackElo "2604"]
[PlyCount "133"]
[EventDate "2010.03.31"]
[EventType "swiss"]
[EventRounds "9"]
[EventCountry "ESP"]
[Source "lmi"]
[SourceDate "2010.03.31"]

1. e4 c6 2. d4 d5 3. Nd2 dxe4 4. Nxe4 Bf5 5. Ng3 Bg6 6. Bc4 e6 7. N1e2 Bd6 8.
Bf4 Nf6 9. O-O Nd5 10. Bxd6 Qxd6 11. Bd3 Nf6 12. Re1 Nbd7 13. Qd2 O-O-O 14.
Rad1 Kb8 15. Qf4 Nb6 16. c3 Nbd5 17. Qxd6+ Rxd6 18. Nc1 Nf4 19. Bxg6 Nxg6 20.
Nd3 Rhd8 21. Rc1 Rd5 22. f3 Kc7 23. Ne4 Ra5 24. a3 Nxe4 25. Rxe4 b6 26. Rc2
Rad5 27. b4 a5 28. Kf2 axb4 29. axb4 Ra8 30. c4 Rd7 31. Ne5 Nxe5 32. dxe5 Ra4
33. b5 c5 34. Rh4 h6 35. Rg4 g6 36. Rh4 h5 37. Rf4 Kd8 38. g4 hxg4 39. fxg4 g5
40. Rf3 Ke8 41. Rh3 Rd4 42. Rh8+ Ke7 43. Rb8 Rxg4 44. Rxb6 Rgxc4 45. Rb7+ Kf8
46. Rxc4 Rxc4 47. Rc7 Rc2+ 48. Kg3 Kg7 49. h4 gxh4+ 50. Kxh4 Kg6 51. Kg4 Rc4+
52. Kf3 Kf5 53. b6 Kxe5 54. b7 Rb4 55. Rxf7 Rb3+ 56. Ke2 Kd6 57. Kd2 e5 58. Rh7
c4 59. Rh6+ Kd5 60. Rh7 e4 61. Rd7+ Ke5 62. Re7+ Kf5 63. Ke2 Kf4 64. Kd2 Kf5
65. Ke2 c3 66. Rc7 Kf4 67. Rxc3 1/2-1/2

[Event "37. Torneo Internacional de La Roda"]
[Site "La Roda ESP"]
[Date "2010.04.02"]
[Round "5.5"]
[White "Suba, Mihai"]
[Black "Almeida Quintana, Omar"]
[Result "1/2-1/2"]
[WhiteElo "2451"]
[BlackElo "2540"]
[PlyCount "88"]
[EventDate "2010.03.31"]
[EventType "swiss"]
[EventRounds "9"]
[EventCountry "ESP"]
[Source "lmi"]
[SourceDate "2010.03.31"]

1. Nf3 g6 2. d4 Bg7 3. c4 d6 4. Nc3 Bg4 5. e3 c5 6. dxc5 Bxc3+ 7. bxc3 dxc5 8.
Qxd8+ Kxd8 9. Ne5 Be6 10. Rb1 b6 11. Be2 Nd7 12. Nxd7 Kxd7 13. e4 Nf6 14. f3
Rad8 15. Kf2 Kc6 16. Bh6 Nd7 17. Ke3 Kc7 18. Bf4+ Kc6 19. Rhd1 f6 20. Bg3 g5
21. a4 h5 22. h4 gxh4 23. Bxh4 Ne5 24. Rd5 Bxd5 25. cxd5+ Kb7 26. c4 Rdg8 27.
f4 Ng4+ 28. Kd3 Nh2 29. g3 Ng4 30. Bf3 Kc7 31. Ke2 Kd6 32. Re1 Rh6 33. Kd2 e5
34. f5 Rb8 35. Rb1 Ke7 36. Kc3 Rhh8 37. Rd1 Rhd8 38. Rd2 a6 39. Ra2 Rd7 40. Be2
Rdb7 41. Rb2 Nf2 42. Bf3 Ng4 43. Be2 Nf2 44. Bf3 Ng4 1/2-1/2

[Event "37. Torneo Internacional de La Roda"]
[Site "La Roda ESP"]
[Date "2010.04.02"]
[Round "5.7"]
[White "Picazo Lopez, Juan Antonio"]
[Black "Cori Tello, Jorge"]
[Result "0-1"]
[WhiteElo "2269"]
[BlackElo "2500"]
[PlyCount "104"]
[EventDate "2010.03.31"]
[EventType "swiss"]
[EventRounds "9"]
[EventCountry "ESP"]
[Source "lmi"]
[SourceDate "2010.03.31"]

1. d4 Nf6 2. c4 c6 3. Nc3 d5 4. cxd5 cxd5 5. Nf3 Nc6 6. Bf4 e6 7. e3 Bb4 8. Bd3
O-O 9. O-O Bd7 10. a3 Bxc3 11. bxc3 Na5 12. Ne5 Qe8 13. c4 dxc4 14. Nxc4 Nxc4
15. Bxc4 Bb5 16. Qb3 Bxc4 17. Qxc4 Rc8 18. Qb3 Qc6 19. Rfb1 b6 20. a4 Nd5 21.
Bg3 Nc3 22. Re1 Qc4 23. Qa3 Rc6 24. Bd6 Rfc8 25. Bb4 Ne2+ 26. Kh1 Nc1 27. Rd1
Qc2 28. Rd2 Qb3 29. h3 a5 30. Be7 f6 31. Qb2 Kf7 32. Ba3 Qxb2 33. Rxb2 Nd3 34.
Rd2 Rc3 35. Kg1 R8c4 36. Bd6 Ke8 37. Rad1 Nb4 38. Bxb4 axb4 39. Ra1 Ra3 40. Rb1
Kd7 41. e4 Rxa4 42. e5 Ra5 43. exf6 gxf6 44. Re1 Rd5 45. Rde2 Rd6 46. d5 exd5
47. Re7+ Kc6 48. Rxh7 d4 49. Rh4 b3 50. Rb1 Rc3 51. Kf1 d3 52. Ke1 d2+ 0-1

[Event "37. Torneo Internacional de La Roda"]
[Site "La Roda ESP"]
[Date "2010.04.02"]
[Round "5.8"]
[White "Plaskett, H James"]
[Black "Monroy, Charles"]
[Result "1/2-1/2"]
[WhiteElo "2494"]
[BlackElo "2449"]
[PlyCount "144"]
[EventDate "2010.03.31"]
[EventType "swiss"]
[EventRounds "9"]
[EventCountry "ESP"]
[Source "lmi"]
[SourceDate "2010.03.31"]

1. e4 d6 2. Nc3 c5 3. f4 Nc6 4. Nf3 g6 5. Bc4 Bg7 6. d3 a6 7. O-O Na5 8. Qe1
Nxc4 9. dxc4 Be6 10. b3 b5 11. cxb5 axb5 12. Bb2 Nh6 13. a4 bxa4 14. Nxa4 Bxb2
15. Nxb2 Rxa1 16. Qxa1 f6 17. Qa4+ Qd7 18. Qa8+ Qc8 19. Qa4+ Qd7 20. Ra1 O-O
21. Qxd7 Bxd7 22. Ra7 Rd8 23. Nc4 Kf8 24. Nfd2 Bc6 25. Rc7 Be8 26. Nb6 Bf7 27.
Kf2 f5 28. exf5 Nxf5 29. c3 Ng7 30. Ke3 Ne8 31. Rd7 Rxd7 32. Nxd7+ Kg7 33. Nb6
Nc7 34. Kd3 Kf6 35. g4 Be6 36. h3 h5 37. g5+ Kf5 38. Ke3 Bd5 39. Nc8 Ke6 40.
Nb6 Bg2 41. h4 Bb7 42. Ndc4 Kf5 43. Na5 Bh1 44. Nc8 Nd5+ 45. Kf2 Ke6 46. Nc6
Kd7 47. c4 Kxc8 48. cxd5 Kd7 49. Nb8+ Kd8 50. b4 Bxd5 51. bxc5 dxc5 52. Na6 c4
53. Ke3 Kd7 54. Kd4 Kd6 55. Nb4 Bf7 56. Nc2 Kc6 57. Na3 Kd6 58. Nc2 Kc6 59. Na3
Kd7 60. Nc2 Kc6 61. Ne3 Kb5 62. Kc3 Kc5 63. f5 gxf5 64. Nxf5 Kd5 65. g6 Be6 66.
g7 Ke5 67. Nxe7 Kf4 68. Kd4 c3 69. Kxc3 Ke5 70. g8=Q Bxg8 71. Nxg8 Kf5 72. Ne7+
Kg4 1/2-1/2

[Event "37. Torneo Internacional de La Roda"]
[Site "La Roda ESP"]
[Date "2010.04.02"]
[Round "5.9"]
[White "Rizouk, Aimen"]
[Black "Sanchez Jerez, Emilio Miguel"]
[Result "1-0"]
[WhiteElo "2540"]
[BlackElo "2313"]
[PlyCount "39"]
[EventDate "2010.03.31"]
[EventType "swiss"]
[EventRounds "9"]
[EventCountry "ESP"]
[Source "lmi"]
[SourceDate "2010.03.31"]

1. e4 c5 2. Nf3 Nc6 3. Bb5 e6 4. O-O Nge7 5. b3 a6 6. Bxc6 Nxc6 7. Bb2 b5 8. a4
b4 9. d4 cxd4 10. Nxd4 Qf6 11. Ra2 Nxd4 12. Bxd4 e5 13. Bb2 Bb7 14. Qh5 Bd6 15.
Nd2 g6 16. Qh6 Bc5 17. c3 bxc3 18. Bxc3 d5 19. exd5 Bxd5 20. Rc2 1-0

[Event "37. Torneo Internacional de La Roda"]
[Site "La Roda ESP"]
[Date "2010.04.02"]
[Round "5.10"]
[White "Anton Guijarro, David"]
[Black "Ortiz Suarez, Isan Reynaldo"]
[Result "0-1"]
[WhiteElo "2304"]
[BlackElo "2527"]
[PlyCount "52"]
[EventDate "2010.03.31"]
[EventType "swiss"]
[EventRounds "9"]
[EventCountry "ESP"]
[Source "lmi"]
[SourceDate "2010.03.31"]

1. d4 Nf6 2. Nf3 d5 3. c4 c6 4. e3 e6 5. Nbd2 Nbd7 6. b3 Ne4 7. Nxe4 dxe4 8.
Nd2 f5 9. f3 Bd6 10. g3 exf3 11. Qxf3 O-O 12. c5 Bc7 13. Bc4 Kh8 14. Bb2 e5 15.
O-O-O e4 16. Qg2 Nf6 17. a4 Rb8 18. Qe2 Qe8 19. Nb1 b5 20. cxb6 axb6 21. Nc3 f4
22. gxf4 Bg4 23. Qg2 Bf3 24. Qg3 b5 25. axb5 cxb5 26. Be2 b4 0-1

[Event "37. Torneo Internacional de La Roda"]
[Site "La Roda ESP"]
[Date "2010.04.02"]
[Round "5.11"]
[White "Del Rio De Angelis, Salvador G"]
[Black "Serna Lara, Sergio"]
[Result "1-0"]
[WhiteElo "2524"]
[BlackElo "2263"]
[PlyCount "57"]
[EventDate "2010.03.31"]
[EventType "swiss"]
[EventRounds "9"]
[EventCountry "ESP"]
[Source "lmi"]
[SourceDate "2010.03.31"]

1. d4 d5 2. c4 c6 3. Nf3 Nf6 4. Nc3 a6 5. Bg5 dxc4 6. a4 Bf5 7. e3 Ne4 8. Bxc4
Nxg5 9. Nxg5 e6 10. Nxf7 Kxf7 11. e4 Bg6 12. f4 Ke8 13. Bxe6 Qe7 14. f5 Bf7 15.
Bxf7+ Qxf7 16. O-O b6 17. e5 Qc4 18. Rc1 Qb4 19. d5 Bc5+ 20. Kh1 Ra7 21. Qh5+
Kd8 22. Qg5+ Kc8 23. f6 gxf6 24. Qxf6 Rd8 25. dxc6 Re7 26. Rfd1 Rd4 27. Nd5
Rxd5 28. Rxd5 Kc7 29. Rdxc5 1-0

[Event "37. Torneo Internacional de La Roda"]
[Site "La Roda ESP"]
[Date "2010.04.02"]
[Round "5.12"]
[White "Chueca Forcen, Alberto"]
[Black "Pap, Misa"]
[Result "1/2-1/2"]
[WhiteElo "2282"]
[BlackElo "2521"]
[PlyCount "99"]
[EventDate "2010.03.31"]
[EventType "swiss"]
[EventRounds "9"]
[EventCountry "ESP"]
[Source "lmi"]
[SourceDate "2010.03.31"]

1. d4 c5 2. d5 Nf6 3. c4 b5 4. cxb5 a6 5. b6 Qxb6 6. Nc3 d6 7. e4 g6 8. Be2 Bg7
9. Nf3 O-O 10. O-O Nbd7 11. a4 Rb8 12. Nd2 Qc7 13. a5 Ne8 14. Qc2 Qa7 15. Nc4
Nc7 16. Bg5 Re8 17. Na4 Nb5 18. Nab6 Nd4 19. Qd3 Nxb6 20. Nxb6 e6 21. dxe6 Bxe6
22. Qxa6 Qxa6 23. Bxa6 Nb3 24. Bb5 Nxa1 25. Rxa1 Bxb2 26. Rd1 Rec8 27. Nxc8
Rxb5 28. Nxd6 Rb8 29. a6 Ra8 30. Nb5 Rxa6 31. Nc7 Ra1 32. Rxa1 Bxa1 33. Nxe6
fxe6 34. Kf1 Kf7 35. Ke2 Bd4 36. f3 c4 37. Be3 e5 38. Bxd4 exd4 39. f4 Kf6 40.
g3 Ke6 41. Kd2 Kd6 42. Kc2 Kc5 43. e5 Kd5 44. Kd2 Ke6 45. Ke2 Kf5 46. Kd2 h5
47. Kc2 h4 48. gxh4 Ke6 49. Kd2 Kd5 50. Kc2 1/2-1/2

[Event "37. Torneo Internacional de La Roda"]
[Site "La Roda ESP"]
[Date "2010.04.02"]
[Round "5.15"]
[White "Madina Yadarola, Martin"]
[Black "Rojas Keim, Luis"]
[Result "0-1"]
[WhiteElo "2251"]
[BlackElo "2421"]
[PlyCount "60"]
[EventDate "2010.03.31"]
[EventType "swiss"]
[EventRounds "9"]
[EventCountry "ESP"]
[Source "lmi"]
[SourceDate "2010.03.31"]

1. e4 g6 2. d4 Bg7 3. Nc3 c6 4. Be3 d5 5. Be2 dxe4 6. Nxe4 Nh6 7. Ng3 O-O 8.
Qd2 Ng4 9. Bxg4 Bxg4 10. f3 Be6 11. N1e2 c5 12. Ne4 Na6 13. c3 cxd4 14. Nxd4
Bd5 15. Nf2 f5 16. Nb3 Bc4 17. Qxd8 Rfxd8 18. Rd1 Nc7 19. Nc1 Nd5 20. Bd2 Rd6
21. Nfd3 Rad8 22. Ke2 e5 23. b3 Bxd3+ 24. Nxd3 e4 25. fxe4 fxe4 26. Nc5 e3 27.
c4 exd2 28. cxd5 Rxd5 29. b4 Re8+ 30. Kf2 Rf5+ 0-1

[Event "37. Torneo Internacional de La Roda"]
[Site "La Roda ESP"]
[Date "2010.04.02"]
[Round "5.16"]
[White "Alcaraz Ortega, Javier"]
[Black "Antoli Royo, Joaquin Miguel"]
[Result "0-1"]
[WhiteElo "2235"]
[BlackElo "2399"]
[PlyCount "112"]
[EventDate "2010.03.31"]
[EventType "swiss"]
[EventRounds "9"]
[EventCountry "ESP"]
[Source "lmi"]
[SourceDate "2010.03.31"]

1. Nf3 d6 2. d4 Nf6 3. c4 Bf5 4. Nc3 h6 5. h3 Nbd7 6. Bf4 c6 7. e3 Qa5 8. Qa4
Qc7 9. c5 e5 10. Bh2 Be7 11. Be2 O-O 12. cxd6 Bxd6 13. dxe5 Nxe5 14. Nxe5 Bxe5
15. Bxe5 Qxe5 16. O-O Nd7 17. Rfd1 Rfd8 18. Qd4 Qe7 19. Qf4 Be6 20. Rd2 Nb6 21.
Rad1 Rxd2 22. Rxd2 Rd8 23. Rd4 Rxd4 24. Qxd4 Qd7 25. Qxd7 Nxd7 26. e4 a5 27. f4
f6 28. a3 b5 29. b4 axb4 30. axb4 Nb8 31. Bg4 Bc4 32. Bc8 Kf7 33. Kf2 Ke7 34.
Ke3 Kd8 35. Bg4 Na6 36. Kd4 Nxb4 37. Kc5 Nd3+ 38. Kxc6 b4 39. Na4 Nxf4 40. Kc5
Bf1 41. Kxb4 Bxg2 42. Nc5 Ke7 43. h4 Kd6 44. Kc4 h5 45. Bf5 g6 46. Bc8 Bh3 47.
Bxh3 Nxh3 48. Nd3 Ng1 49. Nf4 Ke5 50. Nxg6+ Kxe4 51. Nf8 Nf3 52. Nh7 Kf5 53.
Kd3 Nxh4 54. Ke3 Ng6 55. Kf3 Ke6 56. Ke4 h4 0-1

[Event "37. Torneo Internacional de La Roda"]
[Site "La Roda ESP"]
[Date "2010.04.02"]
[Round "5.17"]
[White "Martinez Martin, David"]
[Black "Van Hoolandt, Patrick"]
[Result "1-0"]
[WhiteElo "2390"]
[BlackElo "2201"]
[PlyCount "120"]
[EventDate "2010.03.31"]
[EventType "swiss"]
[EventRounds "9"]
[EventCountry "ESP"]
[Source "lmi"]
[SourceDate "2010.03.31"]

1. d4 Nf6 2. Nf3 d5 3. c4 e6 4. Nc3 Bb4 5. Qa4+ Nc6 6. Bg5 h6 7. Bxf6 Qxf6 8.
cxd5 exd5 9. e3 O-O 10. Bb5 Bxc3+ 11. bxc3 Ne7 12. O-O Bf5 13. Be2 c6 14. Qb4
Rab8 15. a4 Rfd8 16. a5 Qd6 17. Qxd6 Rxd6 18. Nd2 Re8 19. c4 b6 20. c5 bxc5 21.
dxc5 Rdd8 22. Nb3 Rb8 23. Nd4 Be4 24. Rfc1 Rb2 25. Kf1 Reb8 26. g4 R8b4 27. Ke1
g5 28. Ra3 Kf8 29. Bd1 Ke8 30. Rcc3 Kd7 31. Rab3 Ng6 32. Rxb4 Rxb4 33. f3 Bb1
34. Rb3 Rxb3 35. Bxb3 Ne5 36. Ba4 Nd3+ 37. Kd2 Nxc5 38. Bxc6+ Kd6 39. Be8 Ke7
40. Bb5 Kd6 41. Kc3 Bg6 42. Be2 a6 43. Nb3 Nd7 44. Bxa6 h5 45. gxh5 Bxh5 46.
Be2 f5 47. Nd4 f4 48. exf4 gxf4 49. a6 Nb6 50. Kb4 Be8 51. Bb5 Bh5 52. h4 Nc8
53. Bd3 Be8 54. Nb5+ Kc6 55. Nd4+ Kb6 56. Ne6 Bh5 57. Be2 Ne7 58. Nxf4 Nc6+ 59.
Kc3 d4+ 60. Kd2 Bf7 1-0